000 00384nam a2200133Ia 4500
008 191023s9999 xx 000 0 und d
020 _a9781305580220
100 _aKassin, Saul.
245 _cSaul Kassin, Steven Fein, Hazel Rose Markus.--
_aSocial psychology /
250 _a10th ed
260 _aUSA :
_bCengage Learning
_c2017
300 _axxv, 650 pages.
650 _aPsychology.
999 _c362291
_d362291